|
|
|
|
| LEADER |
00000nam0a2200000 4500 |
| 001 |
377710 |
| 005 |
20231102012936.0 |
| 035 |
|
|
|a (RuTPU)RU\TPU\retro\35162
|
| 035 |
|
|
|a RU\TPU\book\306151
|
| 090 |
|
|
|a 377710
|
| 100 |
|
|
|a 20230327d1976 k y0rusy5003 ca
|
| 101 |
0 |
|
|a rus
|
| 102 |
|
|
|a RU
|
| 105 |
|
|
|a a z 001zy
|
| 200 |
1 |
|
|a Опыт математической обработки геохимических данных в нефтяной геологии
|f О. П. Вышемирская, В. Д. Карбышев
|g Академия наук СССР (АН СССР), Сибирское отделение (СО), Институт геологии и геофизики (ИГиГ) ; отв. ред. А. А. Трофимук
|
| 210 |
|
|
|a Новосибирск
|c Наука
|d 1976
|
| 215 |
|
|
|a 120 с.
|c ил.
|
| 225 |
1 |
|
|a Труды института геологии и геофизики
|v Вып. 299
|
| 320 |
|
|
|a Библиогр.: с. 114-119
|
| 606 |
1 |
|
|a Геохимия
|x Статистические методы
|2 stltpush
|3 (RuTPU)RU\TPU\subj\6298
|9 34221
|
| 610 |
1 |
|
|a математическая обработка
|
| 610 |
1 |
|
|a геохимические данные
|
| 610 |
1 |
|
|a нефтяная геология
|
| 610 |
1 |
|
|a признаки
|
| 610 |
1 |
|
|a связи
|
| 610 |
1 |
|
|a химические элементы
|
| 675 |
|
|
|a 550.4:51
|z rus
|v 3
|
| 700 |
|
1 |
|a Вышемирская
|b О. П.
|g Ольга Павловна
|
| 701 |
|
1 |
|a Карбышев
|b В. Д.
|g Валерий Дмитриевич
|
| 702 |
|
1 |
|a Трофимук
|b А. А.
|g Андрей Алексеевич
|4 340
|
| 712 |
0 |
2 |
|a Академия наук СССР (АН СССР)
|b Сибирское отделение (СО)
|b Институт геологии и геофизики (ИГиГ)
|c (Новосибирск)
|2 stltpush
|3 (RuTPU)RU\TPU\col\128
|
| 801 |
|
0 |
|a RU
|b RuMRKP
|c 19950704
|g psbo
|
| 801 |
|
1 |
|a RU
|b 63413507
|c 20150129
|
| 801 |
|
2 |
|a RU
|b 63413507
|c 20230327
|g RCR
|
| 942 |
|
|
|c BK
|